00298nam a2200133Ia 4500008004000000041000800040082001200048100001600060245002400076260003500100300000800135650001100143650001000154210210b1955 xxu||||| |||| 00| 0 eng d aeng a520/181 aSMART (W M) aOrigin of the earth aCape TownbPenguin Booksc1955 a224 aOrigin aearth